000 00396 a2200097 4500
245 0 0 _aElementy urządzeń mikrofalowych - Kołnierze typu M złączy podwójnych falowodów prostokątnych nomalnych Główne wymiary PN-74/T-80322 /
_cMin. Przem. Maszynowego.
246 1 3 _aPN-74/T-80322
246 1 3 _a621.372.822
260 _aWarszawa :
_bMin. Przem. Maszynowego,
_c1980.
300 _a5 stron ;
_c30 cm.
650 _aPolska norma
999 _c19524
_d19524